00595 2200217 4500001002100000005001500021035002000036007000300056008004100059020002200100082001000122084001700132100001800149245009600167250001100263260003800274300002600312990001300338990001300351990001300364INLIS00000000000789520220223075247 a0010-0222000177ta220223 g 0 ind  a978-602-6835-93-2 a612.6 a612.6 RAT k0 aRatu Matahari1 aKESEHATAN REPODUKSI REMAJA DAN INFEKSI MENULAR SEKSUAL /cRatu Matahari, S.K.M.,M.A., M.Kes aCet. 1 aYogyakarta :bPUSTAKA ILMU,c2018 a104 hlm ;c14 x 20 cm a022.5964 a022.5965 a022.5966